UK Foreign and Commonwealth Office De-Classified Documents 1962-1971 Bangabandhu Sheikh Mujibur Rahman and Struggle for Independence / (Record no. 6964)
[ view plain ]
| 000 -LEADER | |
|---|---|
| fixed length control field | 00991nam a22002297a 4500 |
| 003 - CONTROL NUMBER IDENTIFIER | |
| control field | BUBTL |
| 008 - FIXED-LENGTH DATA ELEMENTS--GENERAL INFORMATION | |
| fixed length control field | 230306b ||||| |||| 00| 0 eng d |
| 020 ## - INTERNATIONAL STANDARD BOOK NUMBER | |
| International Standard Book Number | 9847021400676 |
| 082 ## - DEWEY DECIMAL CLASSIFICATION NUMBER | |
| Classification number | 954.92/ R1292u/ 2013 |
| 100 ## - MAIN ENTRY--PERSONAL NAME | |
| 9 (RLIN) | 5202 |
| Personal name | Rahim, Enayetur |
| 245 ## - TITLE STATEMENT | |
| Title | UK Foreign and Commonwealth Office De-Classified Documents 1962-1971 Bangabandhu Sheikh Mujibur Rahman and Struggle for Independence / |
| Statement of responsibility, etc. | Sheikh Hasina, Enayetur Rahim, Joyce L. Rahim |
| 250 ## - EDITION STATEMENT | |
| Edition statement | 1st Edn |
| 260 ## - PUBLICATION, DISTRIBUTION, ETC. (IMPRINT) | |
| Place of publication, distribution, etc. | Dhaka: |
| Name of publisher, distributor, etc. | Hakkani Publishers, |
| Date of publication, distribution, etc. | c2013 |
| 300 ## - PHYSICAL DESCRIPTION | |
| Extent | xvii, 365 p.: |
| Other physical details | ills.; |
| Dimensions | 22 cm. |
| 500 ## - GENERAL NOTE | |
| General note | Includes Index |
| 505 ## - FORMATTED CONTENTS NOTE | |
| Formatted contents note | UK Foreign and Commonwealth Office De-Classified Documents 1962-1971 Bangabandhu Sheikh Mujibur Rahman and Struggle for Independence, Bangabandhu Sheikh Mujibur Rahman, 1971, Sheikh Hasina, Enayetur Rahim, Joyce L. Rahim |
| 650 #0 - SUBJECT ADDED ENTRY--TOPICAL TERM | |
| 9 (RLIN) | 4372 |
| Topical term or geographic name as entry element | Bangabandhu |
| 700 ## - ADDED ENTRY--PERSONAL NAME | |
| 9 (RLIN) | 5203 |
| Personal name | Rahim, Joyce |
| 856 ## - ELECTRONIC LOCATION AND ACCESS | |
| Password | 0 |
| Logon | 0 |
| Link text | Download |
| 942 ## - ADDED ENTRY ELEMENTS (KOHA) | |
| Source of classification or shelving scheme | |
| Koha item type | Books |
| Withdrawn status | Lost status | Source of classification or shelving scheme | Damaged status | Not for loan | Collection code | Permanent location | Current location | Shelving location | Date acquired | Source of acquisition | Inventory number | Total Checkouts | Full call number | Barcode | Date last seen | Copy number | Price effective from | Koha item type |
|---|---|---|---|---|---|---|---|---|---|---|---|---|---|---|---|---|---|---|
| Non-fiction | Bangladesh University of Business and Technology Library | Bangladesh University of Business and Technology Library | Historical Books | 12/28/2022 | Purchase | 29246 | 954.92/ R1292u/ 2013 | BUBTL-200329246 | 03/07/2023 | C-1 | 03/07/2023 | Books | ||||||
| Non-fiction | Bangladesh University of Business and Technology Library | Bangladesh University of Business and Technology Library | Historical Books | 12/28/2022 | Purchase | 29247 | 954.92/ R1292u/ 2013 | BUBTL-200329247 | 03/07/2023 | C-2 | 03/07/2023 | Books | ||||||
| Non-fiction | Bangladesh University of Business and Technology Library | Bangladesh University of Business and Technology Library | Historical Books | 12/28/2022 | Purchase | 29248 | 954.92/ R1292u/ 2013 | BUBTL-200329248 | 03/07/2023 | C-3 | 03/07/2023 | Books | ||||||
| Non-fiction | Bangladesh University of Business and Technology Library | Bangladesh University of Business and Technology Library | Historical Books | 12/28/2022 | Purchase | 29249 | 954.92/ R1292u/ 2013 | BUBTL-200329249 | 03/07/2023 | C-4 | 03/07/2023 | Books | ||||||
| Non-fiction | Bangladesh University of Business and Technology Library | Bangladesh University of Business and Technology Library | Historical Books | 12/28/2022 | Purchase | 29250 | 954.92/ R1292u/ 2013 | BUBTL-200329250 | 03/07/2023 | C-5 | 03/07/2023 | Books |
